000 00453cam a2200169Ia 4500
020 _a0412574403
040 _cAGL
082 _a581 CHA 1997 C147 Or.1
100 1 _aRichards, A. J
245 1 0 _aPlant breeding systems /
250 _a2nd ed. 1997
260 _aLondon ;
_aNew York :
_bChapman & Hall,
_c1997
300 _axii, 529 p., [4] p. of plates :
_bill. (some col.) ;
_c24 cm
650 0 _aPlant breeding
650 0 _aPlants
942 _cAEDBB
999 _c18562
_d18562